Όψεις της πραγματικότητας

Αποθηκεύτηκε σε:
Λεπτομέρειες βιβλιογραφικής εγγραφής
Συγγραφή απο Οργανισμό/Αρχή: Ελληνικό Ανοικτό Πανεπιστήμιο
Άλλοι συγγραφείς: Κομνηνού, Μερόπη
Μορφή: Βιβλίο
Γλώσσα:Greek
Δημοσίευση: Πάτρα : Ελληνικό Ανοικτό Πανεπιστήμιο, 1999
Θέματα:
Ετικέτες: Προσθήκη ετικέτας
Δεν υπάρχουν, Καταχωρήστε ετικέτα πρώτοι!

MARC

LEADER 00000cam a2200000 i 4500
001 1/42736
008 070326s1999 gre d
020 |a 960-538-115-X (τ.Ε) 
035 |l 10087421 
040 |a GR-MY-UA  |b gre  |e aacr 
041 0 |a gre 
082 0 |a 374  |2 (22) 
245 1 0 |a Όψεις της πραγματικότητας /  |c Μερόπη Κομνηνού ...[και ά.] ; Ελληνικό Ανοικτό Πανεπιστήμιο 
260 |a Πάτρα :   |b Ελληνικό Ανοικτό Πανεπιστήμιο,   |c 1999 
300 |a 105 σ. ;  |b πιν. ;  |c 28 εκ.  
500 |a Σχολή Ανθρωπιστικών Σπουδών, Πρόγραμμα Σπουδών: Σπουδές στην Εκπαίδευση, Θεματική Ενότητα: Εκπαίδευση Ενηλίκων 
504 |a Περιέχει βιβλιογραφία 
650 0 0 |a Adult education  |z Greece. 
650 0 0 |a Continuing education. 
700 1 |a Κομνηνού, Μερόπη. 
710 2 |a Ελληνικό Ανοικτό Πανεπιστήμιο. 
774 1 |t Εκπαίδευση ενηλίκων 
852 |a INST  |b LESVOS  |e 20070326  |h 374 ΟΨΕ  |p 005100037042  |q 005100037042  |t BK  |y 0  |z τ.Ε 
852 |a INST  |b LESVOS  |e 20070326  |h 374 ΟΨΕ  |p 005100037042  |q 005100037042  |t BK  |v τ.Ε:  |y 0  |z τ.Ε 
853 |a INST  |b LESVOS  |h 374 ΟΨΕ 
901 |a BIBL1-2007-1 
909 |a Λ  |b 131929 
970 |a ΧΑΤΖΗΜΙΧΑΗΛ  |b ΜΑΡΙΑ  |z 2007/03/26